000 00372nam a2200157Ia 4500
005 20250703013743.0
008 240331s9999 xx 000 0 und d
020 _a9552070147
082 _bDIS
_a392
100 _aDissanayake,M
245 0 _aKilla saha kotahaluwa
260 _aColombo
_bS. Godage & Brothers
_c2004
300 _a238 p .,
650 _aWomen
942 _cL
999 _c5127
_d5127